000 00995nam a22002417a 4500
999 _c508
_d508
003 AR-CdUCM
008 190223b ||||| |||| 00| 0 spa d
040 _aMUNICIPALIDAD PROVINCIAL DEL CUSCO
_cBIBLIOTECA MUNICIPAL DEL CUSCO
082 _a910.9 /
_bC
100 _aUrbano Henrique (organizador)
_91972
110 _aCentro de Estudios Rurales Andinos "Bartolomé de las Casas"
_91973
245 _aColoquio estado y región en los andes /
260 _aCusco :
_bCBC ,
_c1987.
300 _a202 páginas ;
_c23 cm.
440 _aDebates andinos
_n : 5
_91974
505 _aContenido: Sobre las diferentes regionalidades coloniales -- Formacion y evolucion del Aymara -- Los procesos de infraestructura en las comunidades andinas -- Estado tratamiento de ecuador siglo XIX...
650 _aCBC
_91975
650 _aColoquios cusqueños.
_91976
650 _aHistoria regional del Cusco.
_91977
650 _aBolivia - Ecuador - Perú
_91978
942 _2ddc
_cLIBROS
945 _awfj
_d2019-02-23